000
00329nam a22001457a 4500
003
SGT
020
_a
9788131256091
082
_a
617.92
_b
D21M
100
_a
Morrow, Robert M...[et. al.]
245
_a
Dental Laboratory Procedures
250
_a
2nd South Asia
260
_b
Elsevier
_c
2021
300
_a
446
942
_2
ddc
_c
BK
_0
1
999
_c
22815
_d
22815